000 00641nam a2200217Ia 4500
003 GCL
008 140319s9999 xx 000 0 ara d
040 _aGCL /
_cGCL
082 0 4 _aق
_b930.1
_bهـ ا
100 1 _aهيئة الاثار المصرية
245 1 0 _aقلعة صلاح الدين /
_cهيئة الاثار المصرية
260 _aالقاهرة :
_bهيئة الاثار المصرية
300 _a ؛
_c20سم
490 _a
650 0 4 _aمصر
650 0 4 _aالاثار الاسلامية
650 0 4 _aالمتاحف
650 0 4 _aسيناء
650 0 4 _aالحصون والقلاع
942 _2ddc
_cBK
999 _c57813
_d57813